Statistics for Africa's Largest Airlines

Click here to take the quiz!

General Stats

  • This quiz has been taken 40 times
  • The average score is 7 of 10

Answer Stats

PassengersAirline% Correct
9.7South African Airways
97%
12.14Ethiopian Airlines
95%
7.3EgyptAir
92%
7.9Royal Air Maroc
76%
4.5Kenya Airways
71%
6.5Air Algerie
63%
3.8Tunisair
55%
1.7Air Mauritius
53%
2.8Arik Air
29%
1.2Libyan Airlines
18%

Score Distribution

Percentile by Number Answered

Percent of People with Each Score

Your Score History

You have not taken this quiz